[Event "Copenhagen Chess Challenge 2017"]
[Site "Ballerup"]
[Date "2017.05.13"]
[Round "6.2"]
[White "Andersen, Mads"]
[Black "Percivaldi, Martin"]
[Result "1-0"]
[WhiteElo "2582"]
[BlackElo "2421"]
[PlyCount "105"]
[EventDate "2017.05.10"]

1. c4 Nf6 2. Nf3 c6 3. g3 d5 4. Bg2 Bf5 5. O-O e6 6. cxd5 cxd5 7. Qb3 Qb6 8.
Qxb6 axb6 9. Nc3 Nc6 10. d3 Bc5 11. Bf4 O-O 12. a3 h6 13. b4 Be7 14. Nb5 Bh7
15. Rac1 g5 16. Be3 Nd7 17. h4 gxh4 18. Bxh6 Rfd8 19. gxh4 Na7 20. Nc7 Rac8 21.
Bf4 Nb8 22. Be3 Nd7 23. Bg5 Kf8 24. Nd4 Bxg5 25. hxg5 Ke7 26. f4 Nb8 27. Ncb5
Nxb5 28. Nxb5 Nc6 29. Kf2 Bg6 30. Rh1 Rh8 31. Rxh8 Rxh8 32. Bf3 Rd8 33. Ke3 Rh8
34. Rh1 Ra8 35. Rc1 Rh8 36. Bg4 Rh4 37. Kf3 Rh2 38. Kg3 Rh8 39. Re1 Ra8 40. e4
dxe4 41. dxe4 Na7 42. Nxa7 Rxa7 43. Re3 Bh7 44. f5 Kd6 45. Kf4 e5+ 46. Kg3 Ra8
47. Rd3+ Ke7 48. f6+ Ke8 49. Bf5 Bg6 50. Kg4 b5 51. Rh3 Bxf5+ 52. Kxf5 Kd7 53.
Rd3+ 1-0

[Event "Copenhagen Chess Challenge 2017"]
[Site "Ballerup"]
[Date "2017.05.13"]
[Round "6.3"]
[White "Chatalbashev, Boris"]
[Black "Englert, Fabian"]
[Result "1-0"]
[WhiteElo "2546"]
[BlackElo "2375"]
[PlyCount "45"]
[EventDate "2017.05.10"]

1. c4 e6 2. g3 d5 3. Bg2 dxc4 4. Nf3 a6 5. Qc2 Nc6 6. Qxc4 e5 7. O-O Be6 8. Qa4
f6 9. Nc3 Nge7 10. d4 b5 11. Qc2 exd4 12. Ne4 Nb4 13. Qd2 Nf5 14. a3 Nc6 15.
Qc2 Bd5 16. Rd1 Be7 17. Nc3 Be6 18. Nh4 Nxh4 19. Bxc6+ Kf7 20. gxh4 Rb8 21. Be3
Qd6 22. Ne4 Qe5 23. Rxd4 1-0

[Event "Copenhagen Chess Challenge 2017"]
[Site "Ballerup"]
[Date "2017.05.13"]
[Round "6.4"]
[White "Nikolovski, Nikola"]
[Black "Arman, Deniz"]
[Result "1/2-1/2"]
[WhiteElo "2366"]
[BlackElo "2377"]
[PlyCount "139"]
[EventDate "2017.05.10"]

1. e4 Nc6 2. Nf3 f5 3. exf5 d5 4. Bb5 Bxf5 5. Ne5 Qd6 6. d4 Nf6 7. O-O Nd7 8.
Bf4 Ndxe5 9. Bxe5 Qg6 10. Qf3 e6 11. Qc3 Kd7 12. Nd2 a6 13. Bxc6+ bxc6 14. Nb3
Rb8 15. Na5 Rb6 16. a3 Bd6 17. Rac1 h5 18. b4 h4 19. f3 h3 20. g3 Qg5 21. Rfe1
Rf8 22. Qe3 Qxe3+ 23. Rxe3 Rf7 24. c4 dxc4 25. Rxc4 Bb1 26. Kf2 Ba2 27. Rcc3
Bd5 28. Nc4 Rb8 29. Nd2 a5 30. bxa5 Rb2 31. Re2 Rb5 32. Ne4 Rxa5 33. Bxd6 cxd6
34. Ng5 Rf8 35. Nxh3 Ra4 36. Rd2 Rfa8 37. Nf4 Bc4 38. h4 Rb8 39. Nh5 Rh8 40.
Nf4 Bb5 41. Ke3 Rha8 42. Ra2 c5 43. dxc5 d5 44. Kf2 d4 45. Rd2 e5 46. Rb3 R8a5
47. Ne2 Rxa3 48. Rxa3 Rxa3 49. f4 Bxe2 50. Rxe2 exf4 51. Rd2 fxg3+ 52. Kg2 d3
53. Kxg3 Kc6 54. Kf3 Kxc5 55. Ke3 Kc4 56. Rb2 Kc3 57. Rb7 Kc2 58. Rc7+ Rc3 59.
Rd7 Rc8 60. Rxg7 Re8+ 61. Kf4 d2 62. Rc7+ Kd3 63. Rd7+ Ke2 64. h5 Re3 65. Rxd2+
Kxd2 66. h6 Kd3 67. Kf5 Rh3 68. Kg6 Ke4 69. h7 Rg3+ 70. Kf7 1/2-1/2

[Event "Copenhagen Chess Challenge 2017"]
[Site "Ballerup"]
[Date "2017.05.13"]
[Round "6.5"]
[White "Teplyi, Igor"]
[Black "Rostgaard, Tobias Valentin"]
[Result "1/2-1/2"]
[WhiteElo "2440"]
[BlackElo "2366"]
[PlyCount "61"]
[EventDate "2017.05.10"]

1. d4 Nf6 2. c4 e6 3. Nf3 d5 4. g3 Be7 5. Bg2 O-O 6. O-O dxc4 7. Qc2 a6 8. a4
Bd7 9. Qxc4 Bc6 10. Nc3 b5 11. Qd3 b4 12. Nb1 Be4 13. Qd1 c5 14. Nbd2 Bd5 15.
dxc5 Nbd7 16. Nb3 Nxc5 17. Nxc5 Bxc5 18. Ne5 Bxg2 19. Qxd8 Rfxd8 20. Kxg2 Rac8
21. Nd3 Bf8 22. Bg5 Rc2 23. Rac1 Rdc8 24. Rxc2 Rxc2 25. Rc1 Rxc1 26. Bxc1 Nd7
27. e4 Nc5 28. Nxb4 a5 29. Nc6 Nd3 30. Be3 Nxb2 31. Nxa5 1/2-1/2

[Event "Copenhagen Chess Challenge 2017"]
[Site "Ballerup"]
[Date "2017.05.13"]
[Round "6.6"]
[White "Pfreundt, Jakob"]
[Black "Hoi, Carsten"]
[Result "1-0"]
[WhiteElo "2388"]
[BlackElo "2368"]
[PlyCount "155"]
[EventDate "2017.05.10"]

1. e4 g6 2. d4 Bg7 3. Nf3 d6 4. Bc4 c6 5. Bb3 Nf6 6. Nbd2 O-O 7. O-O a5 8. a4
d5 9. Qe2 b6 10. Re1 Ba6 11. c4 e6 12. e5 Nfd7 13. Qe3 Qe7 14. Ba2 Kh8 15. b3
c5 16. Ba3 Nc6 17. Rac1 Nb4 18. Bb1 Rae8 19. Bb2 f6 20. dxc5 bxc5 21. cxd5 Nxd5
22. exf6 Bxf6 23. Bxf6+ Qxf6 24. Qh6 Qg7 25. Qxg7+ Kxg7 26. Ne4 Nf4 27. Nxc5
Nxc5 28. Rxc5 Bb7 29. Rc7+ Rf7 30. Rxf7+ Kxf7 31. Ne5+ Kf6 32. Ng4+ Kf7 33. Be4
Ba6 34. g3 Ne2+ 35. Kg2 Nd4 36. Ne5+ Kf6 37. Nd7+ Ke7 38. Nc5 Bc8 39. Rb1 Kd6
40. Nd3 Ne2 41. Bf3 Nd4 42. b4 e5 43. Be4 axb4 44. Rxb4 Bf5 45. Bxf5 gxf5 46.
f4 Rc8 47. Nxe5 Rc2+ 48. Kh3 Ne2 49. Rb1 Ra2 50. Nf3 Ra3 51. Rd1+ Kc5 52. Rf1
Rxa4 53. Kh4 Kd5 54. Kg5 Ke4 55. Nh4 Nd4 56. Re1+ Kd3 57. Kh6 Ra2 58. Rh1 Ke4
59. Kxh7 Nf3 60. Nxf3 Kxf3 61. Kg6 Kg4 62. h3+ Kxg3 63. Kg5 Ra8 64. Rg1+ Kf3
65. Rf1+ Kg2 66. Rb1 Rg8+ 67. Kxf5 Rf8+ 68. Kg5 Rg8+ 69. Kh6 Rf8 70. h4 Rxf4
71. h5 Rg4 72. Rb3 Rg8 73. Kh7 Rg4 74. h6 Kf2 75. Kh8 Rg6 76. h7 Rg4 77. Rb8
Kf3 78. Rg8 1-0

[Event "Copenhagen Chess Challenge 2017"]
[Site "Ballerup"]
[Date "2017.05.13"]
[Round "6.7"]
[White "Haubro, Martin"]
[Black "Aabling Thomsen, Jakob"]
[Result "1-0"]
[WhiteElo "2356"]
[BlackElo "2382"]
[PlyCount "77"]
[EventDate "2017.05.10"]

1. e4 c5 2. Nf3 Nc6 3. d4 cxd4 4. Nxd4 g6 5. c4 Bg7 6. Be3 Nf6 7. Nc3 O-O 8.
Be2 b6 9. O-O Bb7 10. f3 Qb8 11. Qd2 Rd8 12. Rfd1 d6 13. Rac1 Rd7 14. Qe1 Qf8
15. Qh4 Rad8 16. Rc2 h6 17. Nxc6 Bxc6 18. a4 Kh7 19. b4 Qh8 20. b5 Ba8 21. Qf2
e6 22. a5 Ng4 23. fxg4 Bxc3 24. axb6 Bxe4 25. Rxc3 Qxc3 26. bxa7 f5 27. b6 e5
28. Bf3 Qxc4 29. Bxe4 fxe4 30. Qh4 Kg8 31. Qxh6 Qe6 32. h3 d5 33. Rf1 Qc6 34.
Kh2 Rg7 35. Qg5 Rd6 36. Qxe5 d4 37. Bxd4 Rxd4 38. Qxd4 Kh7 39. Qd8 1-0

[Event "Copenhagen Chess Challenge 2017"]
[Site "Ballerup"]
[Date "2017.05.13"]
[Round "6.8"]
[White "Getz, Nicolai"]
[Black "Kristensen, Kaare Hove"]
[Result "1-0"]
[WhiteElo "2378"]
[BlackElo "2329"]
[PlyCount "117"]
[EventDate "2017.05.10"]

1. e4 c5 2. Ne2 d6 3. Nbc3 Nf6 4. g3 g6 5. Bg2 Bg7 6. d3 Nc6 7. h3 Rb8 8. a4 e5
9. O-O Nd4 10. f4 Nxe2+ 11. Nxe2 O-O 12. f5 d5 13. Qe1 dxe4 14. dxe4 b6 15. g4
h6 16. g5 hxg5 17. Bxg5 Ba6 18. Rd1 Qe8 19. b3 Nh7 20. Be3 Rd8 21. c4 Rxd1 22.
Qxd1 Qd8 23. Nc3 Bb7 24. Nd5 Bxd5 25. exd5 Qh4 26. Qg4 Qxg4 27. hxg4 Bf6 28. a5
Bg5 29. Bxg5 Nxg5 30. axb6 axb6 31. fxg6 fxg6 32. Re1 Nf3+ 33. Bxf3 Rxf3 34.
Rxe5 Rxb3 35. Kf2 Kf7 36. g5 b5 37. cxb5 Rxb5 38. d6 Rb6 39. Re7+ Kf8 40. Re6
c4 41. Rf6+ Kg7 42. Ke3 c3 43. Kd3 Rb5 44. Kxc3 Rxg5 45. Re6 Rd5 46. Kc4 Rd1
47. Kc5 Kh6 48. Re4 g5 49. Rd4 Rc1+ 50. Kd5 Rc8 51. d7 Rd8 52. Ke6 Kh5 53. Ke7
Ra8 54. d8=Q Rxd8 55. Rxd8 g4 56. Kf6 Kh4 57. Kf5 Kh3 58. Kf4 g3 59. Rd3 1-0

[Event "Copenhagen Chess Challenge 2017"]
[Site "Ballerup"]
[Date "2017.05.13"]
[Round "6.9"]
[White "Hector, Jonny"]
[Black "Jorgensen, Dennis"]
[Result "1/2-1/2"]
[WhiteElo "2498"]
[BlackElo "2172"]
[PlyCount "96"]
[EventDate "2017.05.10"]

1. e4 c6 2. d4 d5 3. Nd2 dxe4 4. Nxe4 Bf5 5. Ng3 Bg6 6. Nh3 Nf6 7. Be2 e6 8.
O-O Bd6 9. b3 Nbd7 10. Bb2 O-O 11. c4 Re8 12. f4 Qc7 13. Kh1 Rad8 14. Bf3 Bf8
15. Qd2 h6 16. Rad1 Bh7 17. Bc3 b6 18. Qb2 a5 19. a3 b5 20. c5 Nd5 21. Bxd5
exd5 22. f5 Nf6 23. Bd2 Ne4 24. Bf4 Qd7 25. Nxe4 Rxe4 26. f6 Rde8 27. Ng1 Qg4
28. h3 Qh5 29. Qf2 R8e6 30. fxg7 Bxg7 31. Bc1 Qg6 32. Rd3 Rf6 33. Rf3 Rxf3 34.
Nxf3 Qf5 35. Qg3 Qe6 36. Bf4 Bg6 37. Be5 Re3 38. Bxg7 Kxg7 39. Qc7 Be4 40. Kh2
Bxf3 41. Rxf3 Rxf3 42. gxf3 Qe2+ 43. Kg3 Qe1+ 44. Kg2 Qd2+ 45. Kf1 Qd3+ 46. Kg2
Qd2+ 47. Kf1 Qd3+ 48. Kg2 Qd2+ 1/2-1/2

[Event "Copenhagen Chess Challenge 2017"]
[Site "Ballerup"]
[Date "2017.05.13"]
[Round "6.10"]
[White "Urkedal, Frode"]
[Black "Akdag, Dara Sevkan"]
[Result "1-0"]
[WhiteElo "2540"]
[BlackElo "2240"]
[PlyCount "51"]
[EventDate "2017.05.10"]

1. d4 Nf6 2. c4 g6 3. Nc3 Bg7 4. e4 d6 5. Nf3 O-O 6. h3 e5 7. d5 Nh5 8. g3 Na6
9. Be2 f5 10. exf5 gxf5 11. Bg5 Nf6 12. Nh4 c6 13. Qd2 Qa5 14. O-O cxd5 15.
cxd5 f4 16. Kh2 h6 17. Bxf6 Bxf6 18. Rg1 Bg5 19. Nf3 Kh8 20. Nxg5 hxg5 21. gxf4
gxf4 22. Rg5 Rf5 23. Rg6 Qd8 24. Rag1 Rf6 25. Qd3 Bf5 26. Qxf5 1-0

[Event "Copenhagen Chess Challenge 2017"]
[Site "Ballerup"]
[Date "2017.05.13"]
[Round "6.11"]
[White "Hansen, Mads"]
[Black "O'Gorman, Tom"]
[Result "0-1"]
[WhiteElo "2440"]
[BlackElo "2229"]
[PlyCount "104"]
[EventDate "2017.05.10"]

1. e4 c5 2. Nc3 d6 3. Nge2 Nf6 4. d4 cxd4 5. Nxd4 a6 6. h3 e6 7. g4 Be7 8. g5
Nfd7 9. h4 b5 10. a3 Bb7 11. Be3 Nb6 12. Qd2 N8d7 13. f3 Ne5 14. Qf2 Nbc4 15.
Bc1 Rc8 16. Be2 Qa5 17. O-O O-O 18. f4 Nc6 19. Bxc4 Nxd4 20. Bd3 b4 21. Be3
bxc3 22. b4 Qc7 23. Bxd4 e5 24. Bb6 Qd7 25. f5 Kh8 26. Kh2 Rg8 27. Rg1 d5 28.
Rae1 dxe4 29. Bxe4 Rc4 30. Rd1 Qc8 31. f6 Rxe4 32. fxe7 Qc4 33. Rd3 Rxh4+ 34.
Rh3 Rxh3+ 35. Kxh3 Qe6+ 36. Kh2 Qxe7 37. Rg3 Qe6 38. Rxc3 Qd5 39. Rh3 Rc8 40.
Bc5 Rd8 41. Be3 Qc6 42. Kg3 Kg8 43. Rh4 Qc3 44. a4 Rd1 45. Qe2 Re1 46. Rc4
Qxe3+ 47. Qxe3 Rxe3+ 48. Kf2 Re4 49. Rxe4 Bxe4 50. c4 Kf8 51. b5 Ke7 52. Ke3
Bh1 0-1

[Event "Copenhagen Chess Challenge 2017"]
[Site "Ballerup"]
[Date "2017.05.13"]
[Round "6.12"]
[White "Veng, Johnny"]
[Black "Hagen, Andreas Skytte"]
[Result "1/2-1/2"]
[WhiteElo "2277"]
[BlackElo "2389"]
[PlyCount "93"]
[EventDate "2017.05.10"]

1. d4 Nf6 2. Bf4 d6 3. Nc3 Nbd7 4. Nf3 Nh5 5. Bg5 h6 6. Bd2 e5 7. e4 Nhf6 8.
Bc4 Be7 9. Bb3 c6 10. dxe5 Nxe5 11. Qe2 Bg4 12. h3 Nxf3+ 13. gxf3 Be6 14. Rg1
Bxb3 15. axb3 g6 16. f4 Qd7 17. e5 dxe5 18. fxe5 Nd5 19. Nxd5 Qxd5 20. e6 fxe6
21. O-O-O Qf5 22. Rde1 Qxh3 23. Rxg6 O-O-O 24. Qxe6+ Qxe6 25. Rexe6 Bc5 26.
Rxh6 Rxh6 27. Bxh6 Bxf2 28. Be3 Bxe3+ 29. Rxe3 Kc7 30. b4 Rd7 31. c3 b5 32. Kc2
Kb6 33. Re6 Kc7 34. Rh6 Rd6 35. Rh7+ Kb6 36. Rh5 Rg6 37. Kb3 a5 38. bxa5+ Kxa5
39. Ka3 Kb6 40. b4 Rg3 41. Kb3 Rf3 42. Rh7 Rg3 43. Rf7 Rg6 44. Rh7 c5 45. bxc5+
Kxc5 46. Rh5+ Kb6 47. Rf5 1/2-1/2

[Event "Copenhagen Chess Challenge 2017"]
[Site "Ballerup"]
[Date "2017.05.13"]
[Round "6.13"]
[White "Brondt, Nicolai Kvist"]
[Black "Fries Nielsen, Jens Ove"]
[Result "1/2-1/2"]
[WhiteElo "2213"]
[BlackElo "2351"]
[PlyCount "60"]
[EventDate "2017.05.10"]

1. c4 f5 2. g3 Nf6 3. Nf3 d6 4. d4 c6 5. Bg2 Qc7 6. d5 e5 7. dxe6 Bxe6 8. b3
Be7 9. O-O O-O 10. Bb2 Na6 11. Nc3 Rae8 12. Qc2 Bc8 13. Rad1 Ng4 14. e3 Bf6 15.
Qd2 Rd8 16. Ne2 Ne5 17. Qc1 Nc5 18. Qb1 Rde8 19. Ba3 Nf7 20. Bb2 Ne5 21. Bd4
Ne4 22. Qc2 b6 23. Bb2 Ng4 24. Bxf6 Rxf6 25. Nc3 Rh6 26. h3 Ngf6 27. Nd4 c5 28.
Nde2 Qf7 29. Nf4 g5 30. Nfd5 Nxd5 1/2-1/2

[Event "Copenhagen Chess Challenge 2017"]
[Site "Ballerup"]
[Date "2017.05.13"]
[Round "6.14"]
[White "Fossan, Andreas"]
[Black "Kleinman, Michael"]
[Result "0-1"]
[WhiteElo "1994"]
[BlackElo "2335"]
[PlyCount "80"]
[EventDate "2017.05.10"]

1. d4 Nf6 2. c4 g6 3. Nc3 d5 4. Bg5 Bg7 5. Nf3 Ne4 6. Bf4 Nxc3 7. bxc3 O-O 8.
e3 c5 9. cxd5 Qxd5 10. Be2 Nc6 11. O-O cxd4 12. cxd4 Bf5 13. Qa4 Qa5 14. Qxa5
Nxa5 15. Rfc1 Rfc8 16. Ne5 Be6 17. Bf3 Rxc1+ 18. Rxc1 Bxa2 19. Ra1 Rc8 20. g4
Rc2 21. Be4 Nb3 22. Rd1 Rc1 23. Rxc1 Nxc1 24. Kf1 f6 25. Nd7 Be6 26. Nc5 Bc4+
27. Ke1 b6 28. Nb7 Nd3+ 29. Bxd3 Bxd3 30. Bb8 a6 31. Bc7 Be4 32. Nd8 Bd5 33.
Bxb6 f5 34. g5 e5 35. f3 exd4 36. exd4 Kf8 37. Kd2 Ke8 38. Ke3 Bf8 39. Kf4 Bd6+
40. Ke3 Be7 0-1

[Event "Copenhagen Chess Challenge 2017"]
[Site "Ballerup"]
[Date "2017.05.13"]
[Round "6.15"]
[White "Reimanis, Ritvars"]
[Black "Harstad, Christian"]
[Result "1-0"]
[WhiteElo "2302"]
[BlackElo "1979"]
[PlyCount "73"]
[EventDate "2017.05.10"]

1. d4 Nf6 2. c4 g6 3. f3 Bg7 4. e4 d6 5. Ne2 O-O 6. Be3 c5 7. d5 e6 8. Nec3
exd5 9. cxd5 Re8 10. Be2 h5 11. Nd2 a6 12. a4 Nh7 13. Nc4 f5 14. Bd3 Qf6 15.
O-O f4 16. e5 Qf8 17. Bf2 Rxe5 18. Nxe5 Bxe5 19. Bxg6 Qf6 20. Bxh7+ Kxh7 21.
Re1 Bf5 22. Ne4 Bxe4 23. Rxe4 Nd7 24. Rb1 Rg8 25. Re2 Qg5 26. Be1 Bd4+ 27. Kh1
h4 28. Bc3 Be3 29. Bd2 h3 30. Bxe3 hxg2+ 31. Kg1 Ne5 32. Qc2+ Kh8 33. Rxg2
Nxf3+ 34. Kh1 Qxd5 35. Rxg8+ Kxg8 36. Qg2+ Kh8 37. Bxf4 1-0

[Event "Copenhagen Chess Challenge 2017"]
[Site "Ballerup"]
[Date "2017.05.13"]
[Round "6.16"]
[White "Jacobsen, Mikkel Manosri"]
[Black "Stojanovski, Sandi"]
[Result "1-0"]
[WhiteElo "2187"]
[BlackElo "2277"]
[PlyCount "75"]
[EventDate "2017.05.10"]

1. d4 d5 2. c4 e6 3. Nc3 Bb4 4. e3 Nf6 5. Nge2 c6 6. a3 Ba5 7. b4 Bc7 8. cxd5
exd5 9. Ng3 h5 10. Bd3 h4 11. Nf1 Nbd7 12. Nd2 Nf8 13. Qc2 Qe7 14. b5 Ne6 15.
Be2 c5 16. dxc5 Qxc5 17. Nb3 Qe7 18. Qd1 Be5 19. Bb2 O-O 20. Nxd5 Nxd5 21. Bxe5
Rd8 22. Bd4 Nxd4 23. Qxd4 Qg5 24. g3 Be6 25. Nc5 Bh3 26. Nxb7 Bg2 27. gxh4 Qh6
28. Nxd8 Bxh1 29. Nc6 a6 30. Bc4 Nc7 31. Qd7 Nxb5 32. Qxf7+ Kh8 33. Ne5 Nd6 34.
Qe7 Kh7 35. Bd3+ Be4 36. Nf7 Qg6 37. Ng5+ Kh8 38. Bxe4 1-0

[Event "Copenhagen Chess Challenge 2017"]
[Site "Ballerup"]
[Date "2017.05.13"]
[Round "6.17"]
[White "Bjerre, Jonas Buhl"]
[Black "Itkin, David"]
[Result "1-0"]
[WhiteElo "2338"]
[BlackElo "2118"]
[PlyCount "41"]
[EventDate "2017.05.10"]

1. e4 d5 2. exd5 Nf6 3. d4 Bg4 4. Nf3 Qxd5 5. Be2 Nc6 6. c4 Qd7 7. Be3 O-O-O 8.
Nbd2 e6 9. a3 Bd6 10. O-O g5 11. Bxg5 Be7 12. Be3 Rhg8 13. Kh1 Bxf3 14. Nxf3
Ne4 15. Qc2 f5 16. Rad1 Bf6 17. d5 Qg7 18. g3 exd5 19. cxd5 Ne7 20. Nd4 Rxd5
21. Ne6 1-0

[Event "Copenhagen Chess Challenge 2017"]
[Site "Ballerup"]
[Date "2017.05.13"]
[Round "6.18"]
[White "Lokander, Martin"]
[Black "Moe, Mogens"]
[Result "1-0"]
[WhiteElo "2333"]
[BlackElo "2185"]
[PlyCount "55"]
[EventDate "2017.05.10"]

1. d4 Nf6 2. c4 g6 3. Nc3 d5 4. Nf3 Bg7 5. cxd5 Nxd5 6. e4 Nxc3 7. bxc3 c5 8.
Rb1 O-O 9. Be2 Nc6 10. d5 Bxc3+ 11. Bd2 Bxd2+ 12. Qxd2 Na5 13. h4 Bg4 14. h5
Bxf3 15. gxf3 e5 16. Qc3 Re8 17. hxg6 fxg6 18. Rd1 Qb6 19. Kf1 Rad8 20. f4 exf4
21. e5 f3 22. Bxf3 Qb4 23. Qe3 c4 24. d6 c3 25. Kg2 c2 26. Bd5+ Kh8 27. Rxh7+
Kxh7 28. Rh1+ 1-0

[Event "Copenhagen Chess Challenge 2017"]
[Site "Ballerup"]
[Date "2017.05.13"]
[Round "6.19"]
[White "Quinones Maletti, Julio Guillermo"]
[Black "Brinck Claussen, Bjorn"]
[Result "1-0"]
[WhiteElo "2164"]
[BlackElo "2227"]
[PlyCount "57"]
[EventDate "2017.05.10"]

1. e4 e5 2. Nf3 Nc6 3. Bb5 a6 4. Ba4 Nf6 5. Qe2 b5 6. Bb3 Be7 7. c3 O-O 8. O-O
d6 9. Rd1 Na5 10. Bc2 c5 11. d4 Qc7 12. d5 Nc4 13. b3 Nb6 14. Nbd2 c4 15. bxc4
Nxc4 16. Nxc4 bxc4 17. Nd2 Bg4 18. f3 Bd7 19. a4 Rac8 20. Ba3 Nh5 21. g3 g6 22.
Rf1 Bg5 23. Kh1 Be8 24. a5 f5 25. exf5 gxf5 26. f4 exf4 27. Qe6+ Rf7 28. Bxd6
Qd8 29. Bxf5 1-0

[Event "Copenhagen Chess Challenge 2017"]
[Site "Ballerup"]
[Date "2017.05.13"]
[Round "6.20"]
[White "Thorsbro, Peter"]
[Black "Dahl, Trygve"]
[Result "0-1"]
[WhiteElo "2195"]
[BlackElo "2169"]
[PlyCount "84"]
[EventDate "2017.05.10"]

1. d4 Nf6 2. c4 Nc6 3. Nf3 e6 4. Nc3 Bb4 5. Bg5 h6 6. Bh4 g5 7. Bg3 Ne4 8. Qd3
d5 9. e3 h5 10. Ne5 h4 11. Nxc6 bxc6 12. Be5 f6 13. cxd5 exd5 14. f3 Nxc3 15.
bxc3 Be7 16. Qg6+ Kf8 17. f4 fxe5 18. Qxc6 Rb8 19. fxe5 Rb6 20. Qa4 Kg7 21. Bd3
Rf8 22. Rf1 Rxf1+ 23. Kxf1 h3 24. Qc2 hxg2+ 25. Kxg2 Qh8 26. Kh1 Qh3 27. Qf2
Rh6 28. Rf1 Be6 29. Rg1 Rh8 30. Rg3 Qh4 31. Qg2 c5 32. Kg1 c4 33. Be2 Rb8 34.
Bf1 Rb1 35. Qc2 Qh7 36. Qxh7+ Kxh7 37. e4 dxe4 38. Re3 Kg6 39. Kf2 Kf5 40. Bg2
Bd5 41. Re2 Kf4 42. Bf1 e3+ 0-1

[Event "Copenhagen Chess Challenge 2017"]
[Site "Ballerup"]
[Date "2017.05.13"]
[Round "6.21"]
[White "Larsen, Preben R"]
[Black "Andreasen, Joan Hendrik"]
[Result "0-1"]
[WhiteElo "1841"]
[BlackElo "2189"]
[PlyCount "58"]
[EventDate "2017.05.10"]

1. e4 e6 2. d4 d5 3. Nc3 Nf6 4. Bg5 Bb4 5. e5 h6 6. Bd2 Bxc3 7. bxc3 Ne4 8. Qg4
Kf8 9. Bd3 Nxd2 10. Kxd2 c5 11. Nf3 c4 12. Be2 Nc6 13. h4 Bd7 14. Rab1 b5 15.
Rh3 Rb8 16. Rg3 Rg8 17. Qf4 a5 18. a3 Qe7 19. h5 Qxa3 20. Nh4 Ke8 21. Rf3 Qe7
22. Rg3 a4 23. Qxh6 Qxh4 24. Rxg7 Rxg7 25. Qxg7 b4 26. cxb4 Qxd4+ 27. Ke1 Qxe5
28. h6 Qxg7 29. hxg7 Ke7 0-1

[Event "Copenhagen Chess Challenge 2017"]
[Site "Ballerup"]
[Date "2017.05.13"]
[Round "6.22"]
[White "Nilssen, Ellen Fredericia"]
[Black "Rebers, Eugene"]
[Result "0-1"]
[WhiteElo "1926"]
[BlackElo "2200"]
[PlyCount "64"]
[EventDate "2017.05.10"]

1. d4 d6 2. c4 Nd7 3. Nc3 e5 4. Nf3 g6 5. Bg5 f6 6. Bh4 Bg7 7. Qc2 Ne7 8. e4
O-O 9. O-O-O c6 10. Kb1 a6 11. d5 cxd5 12. Nxd5 Nxd5 13. Rxd5 Nc5 14. b4 Qb6
15. Qb2 Nxe4 16. Bd3 f5 17. Be7 Nxf2 18. Rxd6 Nxd3 19. Rxb6 Nxb2 20. Bxf8 Nxc4
21. Bxg7 Nxb6 22. Bxe5 Bd7 23. Rd1 Bc6 24. Bc7 Nd5 25. Be5 Nxb4 26. Ne1 Re8 27.
Bc3 Nd5 28. Bd4 Re2 29. h4 Nb4 30. Bb2 Be4+ 31. Ka1 Rxe1 32. Rxe1 Nc2+ 0-1

[Event "Copenhagen Chess Challenge 2017"]
[Site "Ballerup"]
[Date "2017.05.13"]
[Round "6.23"]
[White "Kistrup, Nicolai"]
[Black "Pakmor, Claus"]
[Result "1-0"]
[WhiteElo "2185"]
[BlackElo "1992"]
[PlyCount "51"]
[EventDate "2017.05.10"]

1. d4 Nf6 2. Nf3 g6 3. c4 Bg7 4. Nc3 d6 5. Bg5 Nbd7 6. e3 O-O 7. Be2 c6 8. O-O
Qc7 9. Qc2 Re8 10. h3 a6 11. Rac1 e5 12. Rfd1 e4 13. Nd2 d5 14. cxd5 cxd5 15.
Bxf6 Nxf6 16. Nxd5 Qxc2 17. Nxf6+ Bxf6 18. Rxc2 Bd8 19. Nc4 Bc7 20. Nd2 Bd6 21.
Bc4 Kg7 22. Bb3 Re7 23. Nc4 Bc7 24. d5 b5 25. d6 Rd7 26. Ne5 1-0

[Event "Copenhagen Chess Challenge 2017"]
[Site "Ballerup"]
[Date "2017.05.13"]
[Round "6.24"]
[White "Eriksson, Christian Altenburg"]
[Black "Winkler, Finn Lukas"]
[Result "1-0"]
[WhiteElo "2170"]
[BlackElo "1824"]
[PlyCount "107"]
[EventDate "2017.05.10"]

1. e4 e5 2. Nf3 Nc6 3. d4 exd4 4. Nxd4 Bc5 5. Nb3 Bb6 6. Nc3 d6 7. Qe2 Nf6 8.
Be3 Be6 9. O-O-O Ne5 10. Qd2 Nc4 11. Bxc4 Bxc4 12. Bg5 h6 13. Bh4 g5 14. Bg3
Qd7 15. e5 Nh5 16. exd6 Nxg3 17. hxg3 O-O-O 18. Ne4 Qc6 19. Qc3 Be6 20. Qxc6
bxc6 21. dxc7 Kxc7 22. Rxd8 Rxd8 23. Rd1 Rxd1+ 24. Kxd1 Bxb3 25. axb3 f5 26.
Nf6 Bxf2 27. Ne8+ Kd7 28. Ng7 Bxg3 29. Nxf5 Be5 30. Nxh6 Bxb2 31. Ke2 Ke6 32.
Ng4 Bd4 33. Kf3 c5 34. Ke4 Bg1 35. Ne5 Bf2 36. g4 Bd4 37. Nc6 Bf2 38. Nxa7 c4
39. Nc6 cxb3 40. cxb3 Kd6 41. Ne5 Be1 42. Nf3 Bc3 43. Nxg5 Kc5 44. Kd3 Be5 45.
Nf3 Bg7 46. Nd2 Kb4 47. Kc2 Kc5 48. Nf3 Kd5 49. Kd3 Kc5 50. Ng5 Kb4 51. Kc2 Kb5
52. Ne6 Be5 53. g5 Kc6 54. g6 1-0

[Event "Copenhagen Chess Challenge 2017"]
[Site "Ballerup"]
[Date "2017.05.13"]
[Round "6.25"]
[White "Andersen, Soren Mikkel"]
[Black "Sorensen, Per Settergren"]
[Result "0-1"]
[WhiteElo "2111"]
[BlackElo "1980"]
[PlyCount "82"]
[EventDate "2017.05.10"]

1. d4 e6 2. c4 b6 3. a3 Nf6 4. Nc3 Bb7 5. d5 a5 6. e4 e5 7. Nf3 d6 8. Bd3 g6 9.
O-O Bg7 10. Ne1 O-O 11. Be3 Na6 12. Bc2 Nd7 13. Nd3 f5 14. f3 f4 15. Bf2 h5 16.
b4 axb4 17. axb4 Qe7 18. Bb3 Kh7 19. Na4 Rfd8 20. Qc2 Bf8 21. Rfc1 Rdb8 22. Nc3
g5 23. Ba4 Nf6 24. Ra3 Qg7 25. Rca1 g4 26. Kh1 Be7 27. Bc6 Bxc6 28. dxc6 Rg8
29. Qe2 Qg5 30. b5 Rg7 31. bxa6 g3 32. hxg3 fxg3 33. Be3 Qh4+ 34. Kg1 Ng4 35.
Kf1 Bg5 36. Bg1 Qh1 37. Qe1 Ne3+ 38. Ke2 Qxg2+ 39. Nf2 Rf7 40. Ncd1 Qxf3+ 41.
Kd2 Ng2+ 0-1

[Event "Copenhagen Chess Challenge 2017"]
[Site "Ballerup"]
[Date "2017.05.13"]
[Round "6.26"]
[White "Larsen, Ulrik"]
[Black "Adinolfi, Vincenzo"]
[Result "1-0"]
[WhiteElo "1938"]
[BlackElo "2108"]
[PlyCount "83"]
[EventDate "2017.05.10"]

1. e4 c5 2. Nf3 g6 3. d4 cxd4 4. Nxd4 Nc6 5. Nc3 Bg7 6. Be3 Nf6 7. Bc4 O-O 8.
Bb3 Ng4 9. Qxg4 Nxd4 10. Qd1 Nxb3 11. axb3 a6 12. Nd5 d6 13. Bb6 Qd7 14. Bd4
Bxd4 15. Qxd4 Qd8 16. O-O Be6 17. Rfe1 Re8 18. Rad1 Rc8 19. c3 Qa5 20. Re3 Qc5
21. Qd2 a5 22. Kh1 f6 23. f4 Bxd5 24. exd5 Kf7 25. Rh3 Rh8 26. Qe2 Rce8 27. f5
Qc8 28. Rf1 Qd7 29. Qg4 Qc8 30. Rxh7+ Rxh7 31. Qxg6+ Kf8 32. Qxh7 Qc5 33. Rf3
Qxd5 34. Qh6+ Kf7 35. Qh5+ Kf8 36. Rg3 e5 37. Qh6+ Ke7 38. Rg7+ Kd8 39. Qxf6+
Kc8 40. h3 e4 41. Qg6 Qe5 42. Qf7 1-0

[Event "Copenhagen Chess Challenge 2017"]
[Site "Ballerup"]
[Date "2017.05.13"]
[Round "6.27"]
[White "Slettebo, Jan"]
[Black "Marthedal, Anton Mehmet Yildiz"]
[Result "1-0"]
[WhiteElo "2020"]
[BlackElo "1855"]
[PlyCount "93"]
[EventDate "2017.05.10"]

1. e4 c6 2. Nc3 d5 3. Qf3 d4 4. Bc4 Nh6 5. Nce2 Bg4 6. Qg3 b5 7. Bb3 a5 8. a3
d3 9. Qxd3 Qxd3 10. cxd3 c5 11. a4 b4 12. f3 Bc8 13. d4 Nd7 14. d3 cxd4 15.
Nxd4 Ba6 16. Bc4 Ne5 17. Bxa6 Rxa6 18. Ke2 Rg6 19. g3 Rd6 20. Be3 e6 21. Nh3
Be7 22. Nf2 O-O 23. Nb5 Rc6 24. Rac1 Rfc8 25. Rxc6 Nxc6 26. g4 Kf8 27. Rc1 Ng8
28. Rc4 Nf6 29. b3 Ne8 30. d4 Nd6 31. Nxd6 Bxd6 32. d5 exd5 33. exd5 Ne7 34.
Rxc8+ Nxc8 35. h3 Bc7 36. Kd3 Ke7 37. Ne4 f5 38. gxf5 Nd6 39. Bc5 h5 40. Bxd6+
Bxd6 41. Nxd6 Kxd6 42. Kd4 h4 43. f4 Ke7 44. Ke5 Kd7 45. d6 Kc6 46. Ke6 Kc5 47.
d7 1-0